<?xml version="1.0" encoding="UTF-8"?>
<collection xmlns="http://www.loc.gov/MARC21/slim">
 <record>
  <leader>00481pamaa2200145   4500</leader>
  <controlfield tag="001">0000024461</controlfield>
  <controlfield tag="005">20060523090000.0</controlfield>
  <datafield tag="020" ind1="0" ind2="0">
   <subfield code="a">1852030038 </subfield>
  </datafield>
  <datafield tag="082" ind1=" " ind2=" ">
   <subfield code="a">796.3430207 WAT 1986</subfield>
  </datafield>
  <datafield tag="090" ind1="0" ind2="0">
   <subfield code="a">GV1004 </subfield>
   <subfield code="b">WAT 1986</subfield>
  </datafield>
  <datafield tag="100" ind1="1" ind2="0">
   <subfield code="a">WATERS </subfield>
  </datafield>
  <datafield tag="245" ind1="1" ind2="0">
   <subfield code="a">Squash balls : </subfield>
   <subfield code="b">a survival guide to the game  </subfield>
   <subfield code="c">Barry Waters ; illustrated by Graham Thompson.</subfield>
  </datafield>
  <datafield tag="260" ind1="0" ind2="0">
   <subfield code="a">London: </subfield>
   <subfield code="b">Roger Houghton, </subfield>
   <subfield code="c">1986.</subfield>
  </datafield>
  <datafield tag="300" ind1=" " ind2=" ">
   <subfield code="a">84p.: </subfield>
   <subfield code="b">ill.; </subfield>
   <subfield code="c">22.5cm.</subfield>
  </datafield>
  <datafield tag="650" ind1="0" ind2="0">
   <subfield code="a">Squash rackets (game) -- </subfield>
   <subfield code="x">Anecdotes, facetiae, satire, etc. </subfield>
  </datafield>
 </record>
</collection>
